00882 a2200193 45000010006000000050017000060080041000230030015000640400040000790800077001192450040001960200018002362640033002543000019002875050252003060410008005581000027005668560095005934110920260407155705.0260407a2004 arg spa dAR-UNSa-BCEJYS aAR-UNSa-BCEJYSbspacAR-UNSa-BCEJYS a336.77xCrédito. Función económica del crédito (Microcréditos)10aEl créditopteoría y práctica a950-894-438-2 1aBuenos Aires :bAD-HOCc2004 a238 p.c23 cm. a1. El crédito - 2. Condiciones esenciales y básicas del crédito - 3. Primera etapa: solicitud del crédito - 4. Segunda etapa: análisis de riesgo - 5. Tercera etapa: administración del crédito - 6. Cuarta etapa: cobranza del crédito aspa1 aRichardson, Gustavo A.41uhttps://biblioeco.unsa.edu.ar/pmb/images/libros/L126366.jpgyImagen de portadaqimage/jpeg